00331nam a2200133Ia 4500008004100000020001500041041001200056082001600068100001600084245004400100260002900144300000800173650001600181221030s9999 xx 000 0 und d a8176354643 aEnglish a105.23bSmi aR. W. Smith 0aLinux Hardware Handbookcby R. W. Smith bBPB PubaNew Delhic2000 a744 aBE Computer